000 005790000a22002050004500
003 LK-CoMWRAF
005 20231127115741.0
008 230817t ||||| |||| 00| 0 eng d
040 _aLK-CoMWRAF
_dLK-CoMWRAF
_eLK-CoMWRAF
041 _aeng
082 _a320.53
_bJAY
100 _aJayawardena, Kumari
245 _aThe origins of the Left movement in Sri Lanka
260 _aColombo:
_bSanjiva Books,
_c[n.d.]
300 _a48p ; 22 cm
490 _aSri Lanka social history
650 _aLEFT MOVEMENT-Sri Lanka
650 _aPolitical ideologies-Sri Lanka
942 _cBK
999 _c3078
_d3078